František Severa : ilustrace : Středočeská galerie v Praze /

Hlavní autor: Severa, František, 1924-2005
Korporativní autor: Středočeská galerie (Praha, Česko)
Další autoři: Boháč, Jiří M., 1930-2004, Severa, Marek, Tomková, Bohumila
Jazyk: Čeština
Vydáno: Praha : Středočeská galerie, 1986
Témata:
Fyzický popis: 1 složený list : ilustrace
Knihy
Uloženo v:
LEADER 01564nam a22004212i 4500
001 001536152
003 CZ BrMZK
005 20170109141406.0
007 ta
008 160720s1986 xr a erc||||||||||cze d
040 |a PNA001  |b cze  |d BOA001  |e rda 
043 |a e-xr--- 
045 |a x-x- 
072 7 |a 75  |x Malířství  |2 Konspekt  |9 21 
080 |a 74/76.05  |2 MRF 
080 |a 75.036/.038  |2 MRF 
080 |a (437.3)  |2 MRF 
080 |a (083.824)  |2 MRF 
100 1 |a Severa, František,  |d 1924-2005  |7 jn20000703281  |4 art 
245 1 0 |a František Severa :  |b ilustrace : Středočeská galerie v Praze /  |c text v katalogu Jiří M. Boháč ; fotografie Bohumila Tomková a Marek Severa 
264 1 |a Praha :  |b Středočeská galerie,  |c 1986 
300 |a 1 složený list :  |b ilustrace 
336 |a text  |b txt  |2 rdacontent 
337 |a bez média  |b n  |2 rdamedia 
338 |a svazek  |b nc  |2 rdacarrier 
600 1 7 |a Severa, František,  |d 1924-2005  |7 jn20000703281  |2 czenas 
648 7 |a 20. století  |7 ch460558  |2 czenas 
650 0 7 |a ilustrace  |7 ph114755  |z Česko  |y 20. století  |2 czenas 
650 0 7 |a moderní malířství  |7 ph122940  |z Česko  |2 czenas 
655 7 |a katalogy výstav  |7 fd132536  |2 czenas 
700 1 |a Boháč, Jiří M.,  |d 1930-2004  |7 jx20040625003  |4 wfw 
700 1 |a Severa, Marek  |4 pht 
700 1 |a Tomková, Bohumila  |4 pht 
710 2 |a Středočeská galerie (Praha, Česko)  |7 ko2002102671 
910 |a BOA001  |b X-0900.645 
990 |a BK 
991 |b 201607 
996 6 |b 2619169483  |c X-0900.645  |l MZK  |r Sklad / do 24 hodin  |n 0  |w 001571142  |u 000010  |a 1  |e BOA001  |j MZK50  |s P